000 00561nam a2200241 a 4500
001 nice12345678
003 IN_TiNIC
005 20260116011917.0
008 050524s1953 losa grp 000 0 eng
020 _a
_c149.5
082 0 0 _a291.4
_bVET
100 _aVett, Carl
245 _aDervish Diary
260 _aLos Angeles
_bK U N D K Mogensen
_c1953
300 _a193p
500 _aincludes index and biblioraphy
505 2 _aIndex
650 _aMysticism-Psychology
700 1 _aVett, Carl
902 _bSRS
942 _cBK
999 _c4881
_d4881